LIBRARY & INFORMATION CENTRE, KCAET, TAVANUR

ONLINE PUBLIC ACCESS CATALOGUE (OPAC)

Dewatering: Avoiding its unwanted side effects / (Record no. 9785)

MARC details
000 -LEADER
fixed length control field 00468cam a2200181ua 4500
041 ## - LANGUAGE CODE
Language code of text/sound track or separate title eng
082 ## - DEWEY DECIMAL CLASSIFICATION NUMBER
Classification number 553.7
Item number POW/DE
100 ## - MAIN ENTRY--AUTHOR NAME
Personal name Powers, Patrick J.
245 00 - TITLE STATEMENT
Title Dewatering: Avoiding its unwanted side effects /
250 ## - EDITION STATEMENT
Edition statement 1 /
260 ## - PUBLICATION, DISTRIBUTION, ETC. (IMPRINT)
Place of publication Jodhpur :
Name of publisher Scientific Publishers ,
Year of publication 1987.
300 ## - PHYSICAL DESCRIPTION
Number of Pages 69 ; .
942 ## - ADDED ENTRY ELEMENTS (KOHA)
Koha item type Books
Holdings
Withdrawn status Lost status Damaged status Home library Current library Date acquired Full call number Accession Number Koha item type
      KAUAET KAUAET 07/04/2012 553.7 POW/DE 16888 Books
free website counter